| 000 | 01304cam a22003497a 4500 | ||
|---|---|---|---|
| 003 | CHAP | ||
| 005 | 20250529130843.0 | ||
| 008 | 030320d2002 mx r 00110 spa d | ||
| 010 | _a86993 | ||
| 011 | _a87965 | ||
| 035 | _a98510 | ||
| 040 | _cCHAP | ||
| 090 | _aTesis | ||
| 100 | 1 | 0 |
_aCanché Canché, Eduardo _918293 |
| 245 | 1 | 0 |
_aDaños por frío, producción de etanol y respiración en pitahayas (Hylocereus undatus) sometidas a diferentes condiciones de frigoconservación _c/por Eduardo Canché Canché |
| 260 |
_aChapingo, Méx. : _bEl autor, _c2002. |
||
| 300 | _a125 h. | ||
| 502 | _aTesis (Ing. Agroindustrial) -- UACH. Departamento de Ingenieria Agroindustrial | ||
| 590 |
_aALEPH _b10 _c20130110 _lUCH01 _h1452 |
||
| 590 |
_aBATCH-UPD _b10 _c20130110 _lUCH01 _h0344 |
||
| 590 |
_aBATCH-UPD _b10 _c20130410 _lUCH01 _h0017 |
||
| 590 |
_aBATCH-UPD _b10 _c20130914 _lUCH01 _h0202 |
||
| 590 |
_aCONVERSION _b10 _c20130109 _lUCH01 _h1348 |
||
| 650 | 1 | 4 |
_aAlimentos _xConservación por frío. _94180 |
| 650 | 1 | 4 |
_aFruta _xConservación por frío. _943603 |
| 650 | 1 | 4 |
_aHylocereus undatus. _957088 |
| 901 | _aBK | ||
| 905 | _aMayto Villalobos S. | ||
| 942 | _cFOLL | ||
| 949 |
_aTesis _bBC _cTES _d33724000887451 _eTS2 _fc.2 _h40576 _i98510 _si |
||
| 949 |
_aTesis _bBC _cTES _d98510123 _eTS1 _h40575 _i98510 _sb |
||
| 999 |
_c86993 _d86993 |
||